000 00320 a2200157 4500
001 173897
020 _a
040 _cMagnum
100 _aPerlman, Alina
240 1 0 _aInvasao de pensamento
_lpor
245 1 0 _aInvasao de pensamento
362 0 _a1899
440 1 _aDo Brasil
697 _aIJ/GERAL
942 _cBK
999 _c173897
_d173897